Statystyki dla Stany rzeki Missisipi - pusty quiz na mapie

Kliknij tutaj aby rozwiązać quiz!

Ogólne statystyki

  • Ten quiz został rozwiązany 931 razy
  • Średni wynik to 6 z 10

Odpowiedzi na mapie

Odpowiedzi skodowane kolorowo w zielono-czerwonej skali na mapie do tego quizu, zgodnie z poniższymi procentami.
 

Statystyki odpowiedzi

Stan% Poprawnych
Missisipi
87%
Missouri
66%
Luizjana
65%
Kentucky
64%
Illinois
60%
Arkansas
54%
Minnesota
53%
Tennessee
53%
Iowa
51%
Wisconsin
48%

Rozkład punktacji

Percentyl według liczby udzielonych odpowiedzi

Procent ludzi z każdym wynikiem

Twoja historia wyników

Nie rozwiązałeś tego quizu